header

The Horn of Africa (Record no. 79731)

MARC details
000 -LEADER
fixed length control field 01524nam a2200373Ia 4500
082 04 - DEWEY DECIMAL CLASSIFICATION NUMBER
Classification number 320.963090511
100 1# - MAIN ENTRY--AUTHOR NAME
Personal name Woodward, Peter,
245 14 - TITLE STATEMENT
Title The Horn of Africa
260 ## - PUBLICATION, DISTRIBUTION, ETC. (IMPRINT)
Place of publication London ;
-- New York :
Name of publisher I.B. Tauris,
Year of publication 2003.
300 ## - PHYSICAL DESCRIPTION
Number of Pages ix, 230 p.
500 ## - GENERAL NOTE
General note Map listed in contents missing from publication.
General note Originally published: 1996, in series: International library of African studies ; v. 6.
650 #0 - SUBJECT ADDED ENTRY--TOPICAL TERM
Topical Term Political science.
856 40 - ELECTRONIC LOCATION AND ACCESS
Uniform Resource Identifier http://site.ebrary.com/lib/rucke/Doc?id=10133150

No items available.

© 2026 Rongo University
Contact us: librarian | system librarian | Rongo university